|
|
|
|
| LEADER |
01196nam a2200289 a 4500 |
| 001 |
GR-Patra1087 |
| 008 |
991022s gw 000 b eng d |
| 020 |
|
|
|a 3540536019
|
| 040 |
|
|
|a GrPaTEI
|b gre
|c GR-PaULI
|
| 245 |
0 |
0 |
|a Computational techniques for fluid dynamics :
|b Uncertainity and information
|n 2os .
|p Specific techniques for different flow categories.
|
| 250 |
|
|
|a 2nd ed.
|
| 260 |
|
|
|a Berlin :
|b Springer-Verlag,
|c c1991
|
| 300 |
|
|
|a (xiii, 493σ.) :
|b πίν.
|
| 490 |
1 |
|
|a Springer series in computational physics / Glowinski R.
|
| 500 |
|
|
|a Bibliography:p.457-471
|
| 650 |
|
0 |
|a FLUID DYNAMICS
|
| 650 |
|
4 |
|a ΚΑΤΗΓΟΡΙΕΣ ΡΟΗΣ
|
| 650 |
|
4 |
|a ΡΕΥΣΤΟΔΥΝΑΜΙΚΗ
|
| 650 |
|
4 |
|a ΡΕΥΣΤΟΔΥΝΑΜΙΚΗ
|
| 650 |
|
4 |
|a ΡΟΗ
|
| 650 |
|
4 |
|a ΡΟΗ, ΚΑΤΗΓΟΡΙΕΣ ΤΗΣ
|
| 700 |
1 |
|
|a Fletcher, C.A. J.
|
| 830 |
|
0 |
|1 00111662
|1 2001
|a Springer series in computational physics
|
| 942 |
|
|
|2 ddc
|
| 952 |
|
|
|0 0
|1 0
|2 ddc
|4 0
|6 532_050000000000000_FLE
|7 0
|9 282359
|a LISK
|b LISK
|c BSC
|d 2021-01-17
|e 24
|f 0
|g 0.00
|l 0
|o 532.05 FLE
|p 9241005008
|r 2021-01-17 00:00:00
|t 1
|w 2021-01-17
|y BK15
|x 19991024 0 1
|x GrPaTEI
|
| 971 |
|
|
|a .b26485850
|b 15-04-20
|c 23-09-16
|
| 999 |
|
|
|c 164326
|d 164326
|